| 000 | 00794nam a2200217 a 4500 | ||
|---|---|---|---|
| 999 |
_c11544 _d11544 |
||
| 001 | 11544 | ||
| 003 | BD-JhCC | ||
| 005 | 20200321104528.0 | ||
| 008 | 200321s 2018b a|||| |||| 00| 0 ban d | ||
| 020 | _a9789849120827 | ||
| 035 | _a(BD-JhCC)11544 | ||
| 040 |
_aBD-JhCC _dBD-JhCC |
||
| 041 | _aban | ||
| 082 |
_a954.9205 _bSON 2018 |
||
| 245 |
_aসংবাদপত্রে ভাষা আন্দোলন ১৯৪৭ থেকে ১৯৫৬ / _cসম্পাদনায় এম এর মাহবুব |
||
| 260 |
_aঢাকা : _bগৌরব প্রকাশন, _c২০১৮. |
||
| 300 |
_a১০৩৬ পৃ. : _bচিত্রাবলী _c২৬ সেমি. |
||
| 650 | _aLanguage Movement | ||
| 700 | _aমাহবুব, এম এর | ||
| 942 |
_2ddc _cBK |
||